| 000 | 00582nam a22001937a 4500 | ||
|---|---|---|---|
| 005 | 20141105122507.0 | ||
| 010 | _aENG-111101 | ||
| 020 |
_c450.00 _a9788120350458 |
||
| 035 | _aEN-94633 | ||
| 037 | _bDBAD/PUB | ||
| 082 | _a005.8 | ||
| 100 | _aGupta, Prakash C. | ||
| 245 |
_aCryptography and network security / _cby Prakash C. Gupta |
||
| 260 |
_aDelhi _bPHI Learning _c2015 |
||
| 270 |
_bDelhi _e110092 _aRimjhim House, 111, Patparganj Industrial Estate |
||
| 300 |
_axx,456p. : _c24cm(pbk) _bill. |
||
| 500 | _aIncludes index | ||
| 942 |
_2ddc _cEN _mGUP _h005.8 |
||
| 999 |
_c89756 _d89756 |
||